000
00313nam a22001457a 4500
003
SGT
082
_a
617.7
_b
C12E
100
_a
EFRON, NATHAN
245
_a
CONTACT LENS COMPLICATIONS
250
_a
3RD
260
_a
EDINBURGH
_b
ELSEVIER
_c
2017
300
_a
318
650
_a
OPHTHALMOLOGY
942
_2
ddc
_c
BK
999
_c
14545
_d
14545